=LDR 00000nam 2200000 4500 =001 INLIS000000000042494 =005 20140812134540.0 =006 =007 =008 ind =035 ##$$0010-101300000000416 =041 ##$$a ind =082 ##$$a 616.86 =090 ##$$a 616.86, Sud p =100 ##$$a Sudarto =245 ##$$a Pengobatan penyakit parasit6bAmmubiasis malaria cafing tambang filariasis dan penyakit arasit lainnya, Soedarto =260 ##$$a 2009 $b Jakarta =300 ##$$a X,156 hlm, Ilus, 20 cm =650 ##$$a PENYAKIT PARASIT =850 ##$$a NBPNMAT =990 ##$$a 0001/BPAP-NTB/20142015 =990 ##$$a 2090100506/BPAP-NTB/2015 =990 ##$$a 0001/BPAP-NTB/2016